000 00671nam a2200289Ia 4500
005 20260324121103.0
008 008 260324s9999 xx 000 0 eng d
020 _a9780203694220
037 _aEBOOK
040 _aCRL
040 _beng
040 _cCRL
041 _2eng
041 _aeng
084 _qCRL
100 _aPer Lind
_91161146
245 0 _aMonitoring Business Performance
245 0 _bModels, Methods, and Tools
260 _bTaylor and Francis
260 _c2014
365 _a
365 _b240
856 _uhttp://www.taylorfrancis.com/books/9780203694220
942 _cEBOOK
999 _c1753019
_d1753019